| 000 | 00658nam a22002297a 4500 | ||
|---|---|---|---|
| 003 | OSt | ||
| 005 | 20140310182344.0 | ||
| 008 | 130927t xxu||||| |||| 00| 0 eng d | ||
| 020 | _a9780156181921 | ||
| 050 |
_aPZ 8.1 _b.D43C1 1978 |
||
| 082 |
_aB 638 _b.D419 1978 |
||
| 100 |
_adePaola, Thomas Anthony _922057 |
||
| 245 |
_aThe clown of God / _cThomas Anthony dePaola |
||
| 260 |
_aSan Diego : _bVoyager Books, _cc1978. |
||
| 300 |
_a46 p. : _billus., _c28 cm. |
||
| 541 | _j1 | ||
| 562 | _e1 | ||
| 650 |
_aLegends _xItaly _921906 |
||
| 650 |
_a Jugglers and juggling _xFiction _921907 |
||
| 650 |
_aFolklore _xItaly _921908 |
||
| 942 |
_2lcc _cBK-GS |
||
| 999 |
_c12202 _d12202 |
||